Tribhuvan University Central Library

Magar dhuta lawajgomokma: (Record no. 96039)

MARC details
000 -LEADER
fixed length control field 00543nam a22001937a 4500
008 - FIXED-LENGTH DATA ELEMENTS--GENERAL INFORMATION
fixed length control field 200317b xxu||||| |||| 00| 0 eng d
020 ## - INTERNATIONAL STANDARD BOOK NUMBER
International Standard Book Number 9789937061193
041 ## - LANGUAGE CODE
Language code of text/sound track or separate title Nep.
082 ## - DEWEY DECIMAL CLASSIFICATION NUMBER
Classification number N495.513/M184m
100 ## - MAIN ENTRY--PERSONAL NAME
Personal name Magar, Manbahadur Bagale
245 ## - TITLE STATEMENT
Title Magar dhuta lawajgomokma:
Remainder of title Magar bhashako shabdakosh
250 ## - EDITION STATEMENT
Edition statement 2nd ed.
260 ## - PUBLICATION, DISTRIBUTION, ETC.
Place of publication, distribution, etc. Surkhet:
Name of publisher, distributor, etc. Nepal Magar Sangha,
Date of publication, distribution, etc. 2076BS.
300 ## - PHYSICAL DESCRIPTION
Extent 188p.
650 ## - SUBJECT ADDED ENTRY--TOPICAL TERM
Topical term or geographic name entry element Nepali language
650 ## - SUBJECT ADDED ENTRY--TOPICAL TERM
Topical term or geographic name entry element Nepali dictionary
9 (RLIN) 158
653 ## - INDEX TERM--UNCONTROLLED
Uncontrolled term Dictionary of Magar language
942 ## - ADDED ENTRY ELEMENTS (KOHA)
Source of classification or shelving scheme Dewey Decimal Classification
Koha item type ISBN
Holdings
Withdrawn status Lost status Source of classification or shelving scheme Damaged status Not for loan Home library Current library Date acquired Total Checkouts Full call number Barcode Date last seen Price effective from Koha item type
    Dewey Decimal Classification     Tribhuvan University Central Library Tribhuvan University Central Library 03/17/2020   N495.5103/M184m IS16831 03/17/2020 03/17/2020 ISBN
    Dewey Decimal Classification     Tribhuvan University Central Library Tribhuvan University Central Library 03/17/2020   N495.5103/M184m IS16832 03/17/2020 03/17/2020 ISBN